| 000 | 00000cam 2200000zi 4500 |
| 001 | 9.957873 |
| 003 | CaOODSP |
| 005 | 20260601150206 |
| 006 | m o d f |
| 007 | cr cn |||||||| |
| 008 | 251202t20252019onc ob f000 0 eng d |
| 020 | |a9780660975252 |
| 040 | |aCaOODSP|beng|erda|cCaOODSP |
| 043 | |an-cn-nk |
| 086 | 1 |aNR24-139/2025E-PDF |
| 100 | 1 |aNewsham, Guy R., |eauthor. |
| 245 | 10|aReview of residential time-varying rate pilot projects and programs : |beffects in winter / |cGuy R. Newsham. |
| 264 | 1|aOttawa : |bNational Research Council Canada = Conseil national de recherches Canada, |c[2025] |
| 264 | 4|c©2019 |
| 300 | |a1 online resource (ii, 19 pages) |
| 336 | |atext|btxt|2rdacontent |
| 337 | |acomputer|bc|2rdamedia |
| 338 | |aonline resource|bcr|2rdacarrier |
| 504 | |aIncludes bibliographical references. |
| 520 | |a"Natural Resources Canada (NRCan) is now funding NB Power and Nova Scotia Power to conduct demonstration projects to explore the potential of tariffs, controls, and distributed energy resources (DERs) to support smart grid development, and building codes to underpin the smart grid of the future. NB Power’s part of this project will take place in the township of Shediac, and NB Power will partner with NRC on the experimental design, data collection and analysis aspects of this project"--Executive Summary, page ii. |
| 650 | 0|aElectric utilities|xRates|zNew Brunswick|zShediac. |
| 650 | 6|aServices publics d'électricité|xTarifs|zNouveau-Brunswick|zShediac. |
| 710 | 2 |aNational Research Council Canada, |eissuing body. |
| 856 | 40|qPDF|s1.99 MB|uhttps://publications.gc.ca/collections/collection_2026/cnrc-nrc/NR24-139-2025-eng.pdf |
| 856 | 4 |qHTML|sN/A|uhttps://doi.org/10.4224/40003997 |